| 000 | 00527 a2200181 4500 | ||
|---|---|---|---|
| 003 | OSt | ||
| 005 | 20231204110219.0 | ||
| 008 | 231204b |||||||| |||| 00| 0 eng d | ||
| 020 | _a9789391242701 | ||
| 040 | _coclc | ||
| 082 |
_a894.8128 _bBAR/M |
||
| 100 |
_aBar-Zohar, Michael _99982 |
||
| 245 |
_aMossad / _cMichael Bar-Zohar and Nissim Mishal |
||
| 250 | _a2nd ed. | ||
| 260 |
_aBhopal: _bManjul Publishing House, _c2022. |
||
| 300 | _a432p. | ||
| 942 |
_2ddc _cBK _h894.8128 _iBAR/M _k894.8128 _mBAR/M |
||
| 999 |
_c43953 _d43953 |
||